13 Ditadores Sangrentos do Séc XX - Statistics

Estatísticas Gerais
  • Esse quiz foi jogado 299 vezes
  • A pontuação média é 8 de 14
Estatísticas das Respostas
Ditador País Mortes (M) Duração % Correto
Kim Il Jung Coreia do Norte 1,6 46 (48-94)
94%
Adolf Hitler Alemanha ~30 11 (34-45)
89%
Vladimir Lenin URSS 4 7 (17-24)
89%
Joseph Stalin URSS ~40 12 (41-53)
88%
Hirohito Japão 6 62 (26-89)
84%
Mao Zedong China ~77 34 (43-76)
82%
Saddam Hussein Iraque 2 34 (69-03)
80%
Chiang Kai-Shek China 10 18 (28-49)
56%
HIdeki Tojo Japão 4 3 (41-44)
52%
Ho Chi Minh Vietname do Norte 1,7 24 (45-69)
24%
Presidentes EUA ~8 (min) 100 (00-99)
19%
General Agha Muhmmad Yahya Khan Paquistão 1,5 2 (69-71)
19%
Enver Pasha Turquia 1,5 5 (13-18)
19%
Pol Pot Cambodja 2 4 (75-79)
16%
Nenhum quiz correspondente encontrado
Distribuição das Pontuações
Porcentagem de Pessoas com Cada Pontuação
Percentil de Números Respondidos
Sua Pontuação Histórica
Você não jogou esse quiz